Countries with French as official language - Sudden Death - Statistics

General Stats
  • This quiz has been taken 105 times
  • The average score is 7 of 15
Answers on the Grid
Answers color-coded by a green-red scale on the quiz's grid according to % correct below.
Andorra
Barbados
Belgium
Benin
Cameroon
Canada
Chad
Comoros
Democratic Republic of Congo
Djibouti
Haiti
Luxembourg
Madagascar
Malta
Micronesia
Mozambique
Nigeria
Rwanda
Sao Tomé en Principe
Senegal
Seychelles
Tunisia
Liberia
Vanuatu
 
Answer Stats
Answer % Correct
Belgium
86%
Canada
85%
Haiti
60%
Luxembourg
58%
Democratic Republic of Congo
56%
Cameroon
55%
Senegal
49%
Benin
46%
Chad
45%
Madagascar
45%
Djibouti
43%
Seychelles
36%
Comoros
26%
Rwanda
26%
Vanuatu
21%
No matching quizzes found
Score Distribution
Percent of People with Each Score
Percentile by Number Answered
Your Score History
You have not taken this quiz